Sports Quiz

Random Sports or NFL Quiz
Score 0/19 Timer 04:00
16 Plays Today
Hint Quarterback % Correct
Tom Brady- 517 yards, 2011, 505 yards, 2017
98.5%
Eli Manning- 510 yards, 2012
98.4%
Drew Brees- 510 yards, 2006 & 511 yards, 2015
96.2%
Tony Romo- 506 yards, 2013
96%
Matt Ryan- 503 yards, 2016
94.9%
Jared Goff- 517 yards, 2019
94.5%
Philip Rivers- 503 yards, 2015
94%
Derek Carr- 513 yards, 2016
92.2%
Matthew Stafford- 520 yards, 2012
92.1%
Dan Marino- 521 yards, 1988
89.7%
Hint Quarterback % Correct
Ben Roethlisberger- 503 yds, 2009, 522 yds 2014, 506 yds 2017
86.3%
Warren Moon- 527 yards, 1990
79.9%
Matt Schaub- 527 yards, 2012
67.3%
Phil Simms- 513 yards, 1985
65.7%
Y.A. Tittle- 505 yards, 1962
35.9%
Boomer Esiason- 522 yards, 1996
30.3%
Elvis Grbac- 504 yards, 2000
22.5%
Norm Van Brocklin- 554 yards, 1951
21.8%
Vince Ferragamo- 509 yards, 1982
13.6%

You're not logged in!

Compare scores with friends on all Sporcle quizzes.
OR
Log In

Sporcle TV

Today on Sporcle TV


Watch our educational content, quiz creation guides, and fun videos on Sporcle TV.

Show Comments

Extras

Top Quizzes Today


Score Distribution

Paid Content

Your Account Isn't Verified!

In order to create a playlist on Sporcle, you need to verify the email address you used during registration. Go to your Sporcle Settings to finish the process.

Report this User

Report this user for behavior that violates our Community Guidelines.

Details: